000 00336nam a2200133Ia 4500
008 150201s1998 xx 000 0 und d
082 _a612
_bS98T
100 _aTONDON,OP
245 _aSYNOPSIS OF HUMAN PHYSILOGY PART-TWO
250 _a2ND
260 _bJAYPEE BROTHERS
_aDELHI
_c1998
650 _aHUMAN PHYSIOLOGY
942 _2ddc
_cBK
_01
999 _c1017
_d1017